<?xml version="1.0" encoding="UTF-8"?>
<record
    xmlns:xsi="http://www.w3.org/2001/XMLSchema-instance"
    xsi:schemaLocation="http://www.loc.gov/MARC21/slim http://www.loc.gov/standards/marcxml/schema/MARC21slim.xsd"
    xmlns="http://www.loc.gov/MARC21/slim">

  <leader>02073nam a22002297a 4500</leader>
  <controlfield tag="005">20220217103253.0</controlfield>
  <controlfield tag="008">220217b           ||||| |||| 00| 0 eng d</controlfield>
  <datafield tag="020" ind1=" " ind2=" ">
    <subfield code="a">9781785043727</subfield>
  </datafield>
  <datafield tag="040" ind1=" " ind2=" ">
    <subfield code="c">AL</subfield>
  </datafield>
  <datafield tag="041" ind1=" " ind2=" ">
    <subfield code="a">English</subfield>
  </datafield>
  <datafield tag="082" ind1=" " ind2=" ">
    <subfield code="2">23</subfield>
    <subfield code="a">158.1</subfield>
    <subfield code="b">MILH</subfield>
  </datafield>
  <datafield tag="100" ind1=" " ind2=" ">
    <subfield code="a">Katy Milkman</subfield>
    <subfield code="9">20487</subfield>
  </datafield>
  <datafield tag="245" ind1=" " ind2=" ">
    <subfield code="a">How to Change :The Science of Getting from Where You Are to Where You Want to Be</subfield>
  </datafield>
  <datafield tag="260" ind1=" " ind2=" ">
    <subfield code="a">London</subfield>
    <subfield code="b">Penguin Random House</subfield>
    <subfield code="c">2021</subfield>
  </datafield>
  <datafield tag="300" ind1=" " ind2=" ">
    <subfield code="a">xiv,249 p.</subfield>
    <subfield code="b">PB</subfield>
    <subfield code="c">23x15 cm.</subfield>
  </datafield>
  <datafield tag="365" ind1=" " ind2=" ">
    <subfield code="a">BLCR-000122</subfield>
    <subfield code="b">&#x20B9;559.20</subfield>
    <subfield code="c">&#x20B9;</subfield>
    <subfield code="d">&#x20B9;699.00</subfield>
    <subfield code="e">20%</subfield>
    <subfield code="f">15-02-2022</subfield>
  </datafield>
  <datafield tag="520" ind1=" " ind2=" ">
    <subfield code="a">How to Change  is a powerful, groundbreaking blueprint to help you - and anyone you manage, teach or coach - to achieve personal and professional goals, from the master of human nature and behaviour change and Choiceology podcast host Professor Katy Milkman.
 Award-winning Wharton Professor Katy Milkman has devoted her career to the study of behaviour change. An engineer by training, she approaches all challenges as problems to be solved and, with this mind-set, has drilled into the roadblocks that prevent us from achieving our goals and breaking unwanted behaviours. The key to lasting change, she argues, is not to set ever more audacious goals or to foster good habits but to get your strategy right.
In How to Change  Milkman identifies seven human impulses, or 'problems', that commonly sabotage our attempts to make positive personal and professional change. Then, crucially, instead of getting you to do battle with these impulses she shows you how to harness them and use these as driving forces to help instil new, positive behaviours - better, faster and more efficiently than you could imagine.
Drawing her own original research, countless engaging case studies and practical tools throughout to help you put her ideas into action, Milkman reveals a proven, inspiring path that can take you - once and for all - from where you are today to where you want to be.</subfield>
  </datafield>
  <datafield tag="650" ind1=" " ind2=" ">
    <subfield code="a">Confidence</subfield>
    <subfield code="9">20488</subfield>
  </datafield>
  <datafield tag="650" ind1=" " ind2=" ">
    <subfield code="a">Forgetfulness</subfield>
    <subfield code="9">20489</subfield>
  </datafield>
  <datafield tag="700" ind1=" " ind2=" ">
    <subfield code="a">MILKMAN (Katy)</subfield>
    <subfield code="9">20490</subfield>
  </datafield>
  <datafield tag="942" ind1=" " ind2=" ">
    <subfield code="2">ddc</subfield>
    <subfield code="c">BK</subfield>
  </datafield>
  <datafield tag="999" ind1=" " ind2=" ">
    <subfield code="c">221538</subfield>
    <subfield code="d">221538</subfield>
  </datafield>
  <datafield tag="952" ind1=" " ind2=" ">
    <subfield code="0">0</subfield>
    <subfield code="1">0</subfield>
    <subfield code="2">ddc</subfield>
    <subfield code="4">0</subfield>
    <subfield code="7">0</subfield>
    <subfield code="8">MAN</subfield>
    <subfield code="a">AL</subfield>
    <subfield code="b">AL</subfield>
    <subfield code="d">2022-02-16</subfield>
    <subfield code="e">NavaKarnataka Publications Pvt Ltd</subfield>
    <subfield code="g">559.20</subfield>
    <subfield code="l">3</subfield>
    <subfield code="o">158.1 MILH</subfield>
    <subfield code="p">075453</subfield>
    <subfield code="r">2023-08-23 00:00:00</subfield>
    <subfield code="s">2023-08-11</subfield>
    <subfield code="v">699.00</subfield>
    <subfield code="w">2022-02-17</subfield>
    <subfield code="y">BK</subfield>
  </datafield>
</record>
